00412 2200169 4500001002100000005001500021008004100036020001500077035001900092041000700111082000800118090001400126100001900140245003100159260002800190300002400218INLIS00000000002957720241224132759241224||||||||| | ||| |||| || |  a6027825200 0010-1224029577 aid0 a310 a310 DAN s0 aDanang Sunyoto00aSTASTISTIK UNTUK PARAMEDIS aBandungbalfabetac2013 a212 HLM,;16 X 24 CM